Las estaciones de ensayo de semillas de Europa (Record no. 137612)
[ view plain ]
| 000 -LEADER | |
|---|---|
| campo de control de longitud fija | 01227nam a2200217 i 4500 |
| 001 - NÚMERO DE CONTROL | |
| campo de control | 137612 |
| 003 - IDENTIFICADOR DE NÚMERO DE CONTROL | |
| campo de control | ES-MaACL |
| 005 - FECHA Y HORA DE LA ÚLTIMA TRANSACCIÓN | |
| campo de control | 20230906195416.0 |
| 007 - CAMPO FIJO DE DESCRIPCIÓN FÍSICA--INFORMACIÓN GENERAL | |
| campo de control de longitud fija | t| |
| 008 - DATOS DE LONGITUD FIJA--INFORMACIÓN GENERAL | |
| campo de control de longitud fija | 070214s1913 sp af |||| | spa d |
| 100 1# - ENTRADA PRINCIPAL--NOMBRE DE PERSONA | |
| Nombre de persona | Salazar Mouliáa, Zacarías. |
| 9 (RLIN) | 101825 |
| 245 14 - MENCIÓN DEL TÍTULO | |
| Título | Las estaciones de ensayo de semillas de Europa |
| Resto del título | : notas del viaje de prácticas / |
| Mención de responsabilidad, etc. | realizado por el ingeniero agrónomo, pensionado por el Estado, Zacarías Salazar ; con la traducción, por el mismo, de la última edición de la obra... del Dr. Weinzierl titulada Composición y cultivo de las mezclas de plantas forrajeras ; apéndice por José Hurtado de Mendoza. |
| 246 34 - FORMA VARIANTE DEL TITULO | |
| Texto de visualización | Tít. de cub. |
| Título propio/Titulo breve | Organización y trabajos de algunas estaciones y laboratorios de ensayos de semillas de Europa |
| 260 ## - PUBLICACIÓN, DISTRIBUCIÓN, ETC. | |
| Lugar de publicación, distribución, etc. | Madrid : |
| Nombre del editor, distribuidor, etc. | [s. n.], |
| Fecha de publicación, distribución, etc. | 1913 ( |
| Fabricante | Est. Tip. de los Hijos de Tello) |
| 300 ## - DESCRIPCIÓN FÍSICA | |
| Extensión | 90 p., [16] h. de lám. : |
| Otras características físicas | il. ; |
| Dimensiones | 23 cm. |
| 650 04 - PUNTO DE ACCESO ADICIONAL DE MATERIA--TÉRMINO DE MATERIA | |
| Término de materia o nombre geográfico como elemento de entrada | Plantas forrajeras- |
| Subdivisión general | Semillas- |
| -- | Ensayos. |
| 9 (RLIN) | 16117 |
| 700 1# - ENTRADA AGREGADA--NOMBRE PERSONAL | |
| Nombre de persona | Weinzierl, Teodoro de. |
| 9 (RLIN) | 116379 |
| 700 1# - ENTRADA AGREGADA--NOMBRE PERSONAL | |
| Nombre de persona | Hurtado de Mendoza, José. |
| 9 (RLIN) | 64791 |
| 740 02 - ENTRADA AGREGADA--TÍTULO RELACIONADO/ANALÍTICO NO CONTROLADO | |
| Título relacionado o analítico no controlado | Composición y cultivo de las mezclas de plantas forrajeras. |
| 852 ## - LOCALIZACIÓN | |
| Ubicación | ES-MaACL |
| Número de control de estantería | T-1359-F-5 |
| Nota libre | - Enc. en un vol. facticio, conservando cub. original |
| Estatus retirado | Estado de pérdida | Estado de daño | No para préstamo | Colección | Biblioteca de origen | Biblioteca actual | Ubicación en estantería | Fecha de adquisición | Fuente de adquisición | Total de préstamos | Signatura topográfica completa | Código de barras | Visto por última vez | Precio de reemplazo | Tipo de ítem Koha |
|---|---|---|---|---|---|---|---|---|---|---|---|---|---|---|---|
| Colección de folletos | Biblioteca del Ateneo de Madrid | Biblioteca del Ateneo de Madrid | Depósito folletos | 17/01/2008 | T-1359-F-5 | 1143203 | 23/02/2023 | 23/02/2023 | Folleto |
